000 00505nam a22001697a 4500
005 20260417120542.0
008 260417b |||||||| |||| 00| 0 eng d
020 _a978-81-203-4806-6
050 _aQA 76.9 .A43 K33 2013
100 _aKABAT,MANAS RANJAN
245 _aDESIGN AND ANALYSIS OF ALGORITHMS
260 _aDELHI
_bPHI LEARNING PRIVATE LIMITED
_c2013
300 _axi,336p .ILL
500 _aINCLUDES BIBLIOGRAPHICAL REFERENCES AND INDEX
650 _aCOMPUTER ALGORITHMS
942 _2lcc
_cBK
999 _c216996
_d216996